AH International Schools' Libraries

Tactics : (Record no. 50085)

MARC details
000 -LEADER
fixed length control field 02096nam a2200253 4500
020 ## - INTERNATIONAL STANDARD BOOK NUMBER
International Standard Book Number 9781400071081
100 ## - MAIN ENTRY--PERSONAL NAME
Personal name Stoeker, Fred,
Relator term author.
9 (RLIN) 34722
245 10 - TITLE STATEMENT
Title Tactics :
Remainder of title securing the victory in every young man's battle /
Statement of responsibility, etc Fred Stoeker with Mike Yorkey.
260 ## - PUBLICATION, DISTRIBUTION, ETC. (IMPRINT)
Place of publication, distribution, etc Colorado Springs, Colo. :
Name of publisher, distributor, etc WaterBrook Press,
Date of publication, distribution, etc 2006.
300 ## - PHYSICAL DESCRIPTION
Extent x, 245 p. ;
Dimensions 22 cm.
504 ## - BIBLIOGRAPHY, ETC. NOTE
Bibliography, etc Includes bibliographical references (p. [244]-245).
520 ## - SUMMARY, ETC.
Summary, etc The ultimate showdown calls for the ultimate team. Jesus and you.<br/><br/>God sets a pretty high standard for sexual purity for his men: "Among you there must not be even a hint of sexual immorality" (Ephesians 5:3).<br/>Can you reach that standard? You've tried-and often succeeded. But if you haven't quite finished the job, you still need the right game day tactics to defeat temptation-and be God's champion.<br/>Tactics picks up where Every Young Man's Battle leaves off. It explains why sexual sin is so addictive and why guys battling in the trenches to stay pure still struggle. Most of all, it unveils the spiritual front of this epic match-up and how an intimate connection to the Father is the edge needed for victory.<br/>Grab hold of these practical steps to the deeper spiritual intimacy that will neutralize the sexual pollution in today's culture. And start living to the extreme with God.
650 ## - SUBJECT ADDED ENTRY--TOPICAL TERM
Topical term or geographic name as entry element Young men
General subdivision Religious life.
9 (RLIN) 34719
650 ## - SUBJECT ADDED ENTRY--TOPICAL TERM
Topical term or geographic name as entry element Sex
General subdivision Religious aspects
-- Christianity.
650 ## - SUBJECT ADDED ENTRY--TOPICAL TERM
Topical term or geographic name as entry element Masturbation
General subdivision Religious aspects
-- Christianity.
9 (RLIN) 87100
650 ## - SUBJECT ADDED ENTRY--TOPICAL TERM
Topical term or geographic name as entry element Chastity.
700 ## - ADDED ENTRY--PERSONAL NAME
Personal name Yorkey, Mike,
Relator term author.
9 (RLIN) 34723
856 41 - ELECTRONIC LOCATION AND ACCESS
Materials specified Table of contents only
Uniform Resource Identifier <a href="http://www.loc.gov/catdir/toc/ecip0610/2006008985.html">http://www.loc.gov/catdir/toc/ecip0610/2006008985.html</a>
856 42 - ELECTRONIC LOCATION AND ACCESS
Materials specified Contributor biographical information
Uniform Resource Identifier <a href="http://www.loc.gov/catdir/enhancements/fy0661/2006008985-b.html">http://www.loc.gov/catdir/enhancements/fy0661/2006008985-b.html</a>
856 42 - ELECTRONIC LOCATION AND ACCESS
Materials specified Publisher description
Uniform Resource Identifier <a href="http://www.loc.gov/catdir/enhancements/fy0661/2006008985-d.html">http://www.loc.gov/catdir/enhancements/fy0661/2006008985-d.html</a>
942 ## - ADDED ENTRY ELEMENTS (KOHA)
Source of classification or shelving scheme
Koha item type Book
Holdings
Withdrawn status Lost status Source of classification or shelving scheme Damaged status Not for loan Home library Current library Date acquired Total Checkouts Full call number Barcode Date last seen Price effective from Koha item type
          Logos International School Logos International School 01/15/2026   241.66 STO 040817 01/20/2026 01/15/2026 Book

For any Logos Library related questions please contact Miss Art at swongnarasuk@asianhope.org.

For any Asian Hope Library related questions please contact Miss Raza at graza@asianhope.org.

Click here to explore our ebooks!

Powered by Koha